000 00615nam a2200205Ia 4500
005 20250508160211.0
008 008 250505s9999 xx 000 0 eng d
037 _aBooks to be hide in OPAC
040 _aFEDL
_beng
_cFEDL
041 _aeng
_2eng
084 _a370.973, UNI/O
_qFEDL
100 _aRichards H S
_9768121
245 0 _aLegal education in Great Britain
245 0 _cUnited States Bureau of Eduation
260 _aWashington, USA
_bU.S. Government Printing Office
_c1915
300 _a20p.
546 _aWeeded out
942 _cHB
_h370.973, UNI/O
999 _c1362620
_d1362620